000 00323nam a2200145Ia 4500
008 150201s2010 xx 000 0 und d
082 _a616.01
_bM11P
100 _aPTU
245 _aMICROBIOLOGY
250 _a1ST
260 _bSUPPORT SERVICES
_aGGN
_c2010
300 _a1-134
650 _aMICROBIOLOGY
942 _2ddc
_cBK
999 _c1367
_d1367